00403nam a2200157Ia 4500008004100000020001500041082001600056100001300072245004300085250000800128260002700136300001400163500002400177650001400201700003000215230524s9999 xx 000 0 und d a063205489X a530.33bLEE aB.S.Bahl 0aEssential of Physical Chemistry (866p) a5TH aGERAMNYbS.Chandc2005 aXXXV;1032 aQuantity Number: 5 aChemistry a"G.D.Tuli , Arun Bahl,,,"